| 000 | 00594cam a2200181 4500 | ||
|---|---|---|---|
| 001 | 1910 | ||
| 005 | 20181127164218.0 | ||
| 008 | 760727s1966 caua 001 0 eng | ||
| 010 | _a 66028845 | ||
| 100 | 1 | _aBerg, Paul W. | |
| 245 | 1 | 0 |
_aElementary partial differential equations / _c Paul W. Berg. |
| 260 |
_aSan Francisco : _bHolden-Day, _c1966. |
||
| 300 |
_axv, 421 p. : _bill. ; _c24 cm. |
||
| 490 | 0 | _aHolden-Day series in mathematics | |
| 650 | 0 | _aDifferential equations, Partial. | |
| 700 |
_aJames L. McGregor. _b _c _d _e _k _l _m _n _o _p _q _r _s _t |
||
| 700 | 1 |
_aMcGregor, James L., _ejoint author. |
|
| 999 |
_c1471 _d1471 |
||